000
00246nam a22001217a 4500
008
181008b xxu||||| |||| 00| 0 eng d
041
_a
eng
080
_a
910
100
_a
42
101
_a
geo
245
_a
Geology
_c
Magills,c
942
_2
udc
_c
BK
999
_c
49023
_d
49023